00416nam a2200121 i 4500001000300000245007500003260003800078040000800116041000800124080002300132008004100155856009800196bg 0aBoundary elements X.nVol. 1,pMathematical and computational aspects. aBerlin :bSpringer-Verlag,c1988. cBPK apol a624:539.3/.6:519.6 s pl f |000 0 pol  uhttp://koha.tu.koszalin.pl/cgi-bin/koha/opac-detail.pl?biblionumber=28988yKatalog online BPK